000 00377nam a2200157Ia 4500
008 230917s9999||||xx |||||||||||||| ||und||
020 _cPOU6.5
040 _e16796
_aMAIN
041 _aEnglish
082 _a519.2 C819T
100 _aCox, D R
245 0 _aTheory of stochastic processes
260 _aLondon
_bChapman And Hall
_c1965
300 _ax, 398 p.
942 _cBK
999 _c205899
_d205899